How to buy a franchise (Record no. 98055)
[ view plain ]
| 000 -LEADER | |
|---|---|
| fixed length control field | 01737nam a22003134a 4500 |
| 082 04 - DEWEY DECIMAL CLASSIFICATION NUMBER | |
| Classification number | 658.8/708/0681 |
| 100 1# - MAIN ENTRY--AUTHOR NAME | |
| Personal name | Meaney, James A. |
| 245 10 - TITLE STATEMENT | |
| Title | How to buy a franchise |
| 250 ## - EDITION STATEMENT | |
| Edition statement | 1st ed. |
| 260 ## - PUBLICATION, DISTRIBUTION, ETC. (IMPRINT) | |
| Place of publication | Naperville, Ill. : |
| Name of publisher | Sphinx Pub, |
| Year of publication | 2004. |
| 300 ## - PHYSICAL DESCRIPTION | |
| Number of Pages | xii, 217 p. : |
| Other physical details | ill. |
| 500 ## - GENERAL NOTE | |
| General note | Includes index. |
| 505 0# - FORMATTED CONTENTS NOTE | |
| Formatted contents note | Why buy a franchise? -- What is a franchise? -- Finding the right franchise for you -- Disclosure laws -- The disclosure statement -- Financial feasibility -- Professional assistance -- Franchise salespeople and brokers -- The background of the franchisor -- Investigating existing franchisees -- Earning claims -- Understanding and negotiating the franchise agreement -- Your relationship with the franchisor -- Franchisee input and franchisee associations -- Conclusion -- Appendix A: Uniform franchise offering circular (sample) -- Appendix B: Franchise agreement (sample) -- Appendix C: State filing requirements. |
| 650 #0 - SUBJECT ADDED ENTRY--TOPICAL TERM | |
| Topical Term | Franchises (Retail trade) |
| 856 40 - ELECTRONIC LOCATION AND ACCESS | |
| Uniform Resource Identifier | http://site.ebrary.com/lib/rucke/Doc?id=10096079 |
No items available.
